La reforma laboral (Registro nro. 1755)
[ vista simple ]
| 000 -LEADER | |
|---|---|
| fixed length control field | 02269 a2200253 4500 |
| 001 - CONTROL NUMBER | |
| control field | 28934 |
| 005 - DATE AND TIME OF LATEST TRANSACTION | |
| control field | 20260407155558.0 |
| 008 - FIXED-LENGTH DATA ELEMENTS--GENERAL INFORMATION | |
| fixed length control field | 260407a1998 arg spa d |
| 003 - CONTROL NUMBER IDENTIFIER | |
| control field | AR-UNSa-BCEJYS |
| 040 ## - CATALOGING SOURCE | |
| Original cataloging agency | AR-UNSa-BCEJYS |
| Language of cataloging | spa |
| Transcribing agency | AR-UNSa-BCEJYS |
| 080 ## - UNIVERSAL DECIMAL CLASSIFICATION NUMBER | |
| Universal Decimal Classification number | 349.2 |
| Common auxiliary subdivision | Derecho del Trabajo |
| 020 ## - INTERNATIONAL STANDARD BOOK NUMBER | |
| International Standard Book Number | 950-727-173-2 |
| 041 ## - LANGUAGE CODE | |
| Language code of text/sound track or separate title | spa |
| 100 1# - MAIN ENTRY--PERSONAL NAME | |
| Personal name | Rubio, Valentín |
| 245 10 - TITLE STATEMENT | |
| Title | La reforma laboral |
| Name of part/section of a work | Ley 25.013 |
| 264 #1 - PRODUCTION, PUBLICATION, DISTRIBUTION, MANUFACTURE, AND COPYRIGHT NOTICE | |
| Place of production, publication, distribution, manufacture | Buenos Aires : |
| Name of producer, publisher, distributor, manufacturer | Rubinzal-Culzoni Editores |
| Date of production, publication, distribution, manufacture, or copyright notice | 1998 |
| 300 ## - PHYSICAL DESCRIPTION | |
| Extent | 368 p. |
| Dimensions | 22 cm. |
| 505 ## - FORMATTED CONTENTS NOTE | |
| Formatted contents note | Parte primera: Modalidades del contrato de trabajo: 1. Contrato de trabajo de aprendisaje - 2. Período de prueba - 3. Modalidades del contrato de trabajo -- Parte segunda: Artículo 30 de la ley de contrato de trabajo: 1. Contratación, subcontratación. Solidaridad -- Parte tercera: Extinción del contrato de trabajo: 1. Consideraciones generales - 2. Preaviso e indemnización sustitutiva del preaviso - 3. Indemnización por antigüedad o despido - 4. Extinción del contrato por fuerza mayor, por falta o disminución del trabajo - 5. Despido discriminatorio - 6. Extinción del contrato por falta justa - 7. Falta de pago en término de la indemnización por despido incausado o de un acuerdo rescisorio homologado - 8. Extinción del contrato de trabajo por despido directo - 9. Extinción del contrato por despido indirecto - 10. Renuncia del trabajador - 11. Extinción del contrato por voluntad concurrente de las partes - 12. Extinción del contrato por abandono del trabajo - 13. Extinción del contrato por jubilación del trabajador - 14. Extinción del contrato por incapacidad o inhabilidad del trabajador - 15. Extinción por fallecimiento del trabajador - 16. Extinción del contrato por fallecimiento del empleador - 17. Extinción por quiebra del empleador -- Parte Cuarta: Convenciones Colectivas: 1. Negociación colectiva - 2. Encuadramiento convencional - 3. Concurrencia y articulación de convenciones colectivas - 4. Procedimientos preventivo de crisis de empresas |
| 590 ## - LOCAL NOTE (RLIN) | |
| Local note | niveau_biblio:m niveau_hierar:0 |
| 650 ## - SUBJECT ADDED ENTRY--TOPICAL TERM | |
| Topical term or geographic name entry element | Ley Nº 25.013 |
| 650 ## - SUBJECT ADDED ENTRY--TOPICAL TERM | |
| Topical term or geographic name entry element | ley nº 25 013 |
| 856 41 - ELECTRONIC LOCATION AND ACCESS | |
| Uniform Resource Identifier | <a href="https://biblioeco.unsa.edu.ar/pmb/images/libros/La Reforma Laboral-l119986.jpg">https://biblioeco.unsa.edu.ar/pmb/images/libros/La Reforma Laboral-l119986.jpg</a> |
| Link text | Imagen de portada |
| Electronic format type | image/jpeg |
| 942 ## - ADDED ENTRY ELEMENTS (KOHA) | |
| Koha item type | |
| Withdrawn status | Lost status | Damaged status | Not for loan | Home library | Current library | Shelving location | Date acquired | Total checkouts | Full call number | Barcode | Date last seen | Price effective from | Koha item type |
|---|---|---|---|---|---|---|---|---|---|---|---|---|---|
| Biblioteca Prof. Eusebio Cleto del Rey | Biblioteca Prof. Eusebio Cleto del Rey | 07/04/2026 | 349.2 R896 | L85351 | 07/04/2026 | 07/04/2026 | Libro | ||||||
| Biblioteca Prof. Eusebio Cleto del Rey | Biblioteca Prof. Eusebio Cleto del Rey | 07/04/2026 | 349.2 R896 | L85352 | 07/04/2026 | 07/04/2026 | Libro | ||||||
| Biblioteca Prof. Eusebio Cleto del Rey | Biblioteca Prof. Eusebio Cleto del Rey | 07/04/2026 | 349.2 R896 | L119986 | 07/04/2026 | 07/04/2026 | Libro |